| 000 | 00379nam a22001217a 4500 | ||
|---|---|---|---|
| 020 | _aNA | ||
| 082 |
_222 _a954.98 |
||
| 100 | _aDubgyer Lungten. | ||
| 245 | _aThe parasol of silkhen knot / | ||
| 260 |
_aRoyal Court Justice, high court Rearch Division Thimphu, _bRoyal Court Justice, high court Rearch Division Thimphu, _cc2005 |
||
| 300 |
_a154 p, ; _bNA _c24cm. |
||
| 942 |
_2ddc _cMAG |
||
| 999 |
_c1454 _d1454 |
||